| 000 | 00885 am a2200277ua 4500 | ||
|---|---|---|---|
| 001 | 011943697 | ||
| 005 | 20140130114434.0 | ||
| 008 | 010212s2001 xxkd frb f001 0 eng d | ||
| 020 | _a0192893300 (pbk) | ||
| 020 | _a9780192893307 | ||
| 040 |
_aIeDuTC _dUk |
||
| 082 | 0 | 4 |
_a330.122 _222 _bSEN |
| 100 | 1 |
_aSen, Amartya, _d1933- _934993 |
|
| 245 | 1 | 0 |
_aDevelopment as freedom / _cAmartya Sen. |
| 260 |
_aOxford, United Kingdom : _bOxford University Press, _c2001. |
||
| 300 |
_axvi, 366 p. : _cchart ; _b20 cm. |
||
| 500 | _aIndex : p. 353-366. | ||
| 504 | _aIncludes bibliographical references. | ||
| 650 | 0 |
_aFree enterprise _93904 |
|
| 650 | 0 |
_aLiberty _99623 |
|
| 650 | 0 |
_aEconomic development _xSocial aspects _913453 |
|
| 651 | 0 |
_aDeveloping countries _xEconomic conditions _93692 |
|
| 653 |
_bPol _cJanuary2014 |
||
| 655 |
_vreading book _934232 |
||
| 942 |
_2ddc _k330.122 SEN |
||
| 999 |
_c17997 _d17969 |
||